[Event "ChessOrg-Schachfestival 2022-Senioren"]
[Site "Bad Woerishofen"]
[Date "2022.03.15"]
[Round "5.34"]
[White "Farel, Edgard"]
[Black "Kurpiela, Franz"]
[Result "0-1"]
[WhiteElo "1603"]
[BlackElo "1748"]
[PlyCount "74"]
[EventDate "2022.??.??"]
[WhiteTeam "SG Enger-Spenge"]
[BlackTeam "TSG OEhringen"]

1. e4 e5 2. Nf3 Nf6 3. Nc3 Bb4 4. d3 Nc6 5. Bd2 O-O 6. a3 Bxc3 7. Bxc3 d6 8.
Be2 Bg4 9. h3 Be6 10. Ng5 Bd7 11. Qd2 h6 12. Nf3 Re8 13. O-O d5 14. exd5 Nxd5
15. Rfe1 Bf5 16. Rad1 Qf6 17. Nh2 Rad8 18. Bf3 Qg6 19. Be4 Bxe4 20. dxe4 Nxc3
21. Qxc3 Rxd1 22. Rxd1 Qxe4 23. Re1 Qd4 24. Qxd4 Nxd4 25. c3 Nc6 26. Nf3 f6 27.
Nd2 Na5 28. b4 Rd8 29. Re2 Nc6 30. Kf1 Rd3 31. Nb1 Ne7 32. Ke1 Nd5 33. Rc2 Nf4
34. f3 f5 35. Rf2 c5 36. bxc5 Rd5 37. Rb2 Nd3+ 0-1

[Event "ChessOrg-Schachfestival 2022-Senioren"]
[Site "Bad Woerishofen"]
[Date "2022.03.15"]
[Round "5.35"]
[White "Cerpnjak, Mirko"]
[Black "De Polzer, Manfredi"]
[Result "0-1"]
[WhiteElo "1738"]
[BlackElo "1452"]
[PlyCount "26"]
[EventDate "2022.??.??"]
[WhiteTeam "1. SC Groebenzell"]

1. e4 e6 2. d4 d5 3. Nd2 c5 4. Bb5+ Bd7 5. Bxd7+ Qxd7 6. exd5 Qxd5 7. Ndf3 Nc6
8. Be3 cxd4 9. Bxd4 Rd8 10. c3 Nxd4 11. Qxd4 Qb5 12. Qe4 Qxb2 13. Qa4+ b5 0-1

[Event "ChessOrg-Schachfestival 2022-Senioren"]
[Site "Bad Woerishofen"]
[Date "2022.03.15"]
[Round "5.36"]
[White "Vaclahovsky, Gerhard"]
[Black "Krueger, Detlef"]
[Result "1-0"]
[WhiteElo "1592"]
[BlackElo "1737"]
[PlyCount "87"]
[EventDate "2022.??.??"]
[WhiteTeam "SK Keres-Augsburg 1980"]
[BlackTeam "TSG Rot-Weiß Fredersdorf/Vogelsdorf e.V."]

1. c4 Nf6 2. Nf3 g6 3. g3 Bg7 4. Bg2 Nc6 5. d4 d5 6. cxd5 Nxd5 7. e3 Bf5 8. Nh4
e6 9. O-O Nf6 10. Nxf5 exf5 11. Qa4 Qd7 12. Nc3 O-O 13. Bd2 Rfe8 14. Rab1 Ne4
15. Rfd1 a6 16. Be1 b5 17. Qb3 Na5 18. Qd5 Rad8 19. Qxd7 Rxd7 20. Nxe4 fxe4 21.
Bxa5 f5 22. Rbc1 Rc8 23. Rc6 Kf8 24. Rdc1 Ke8 25. Rxc7 Rdxc7 26. Rxc7 Rxc7 27.
Bxc7 Kd7 28. Ba5 Kc6 29. Bf1 Bf8 30. a3 Kd5 31. Be2 Bd6 32. Kf1 Be7 33. Ke1 Bd6
34. Kd2 g5 35. h3 f4 36. gxf4 gxf4 37. f3 fxe3+ 38. Kxe3 exf3 39. Bxf3+ Kc4 40.
Bb7 Kb3 41. Bxa6 Kc4 42. Bb4 Bh2 43. Bc3 Bd6 44. a4 1-0

[Event "ChessOrg-Schachfestival 2022-Senioren"]
[Site "Bad Woerishofen"]
[Date "2022.03.15"]
[Round "5.37"]
[White "Stratmann, Alois"]
[Black "Rothenhagen, Siegfried"]
[Result "1/2-1/2"]
[WhiteElo "1547"]
[BlackElo "1723"]
[PlyCount "40"]
[EventDate "2022.??.??"]
[WhiteTeam "SV Ahlen 54 e.V."]
[BlackTeam "SC Ammersee"]

1. Nf3 Nf6 2. b3 d5 3. Bb2 e6 4. e3 c5 5. d4 Be7 6. Nbd2 O-O 7. Be2 Nbd7 8. O-O
a6 9. c4 dxc4 10. Nxc4 b5 11. Ncd2 Bb7 12. Rc1 Rc8 13. dxc5 Rxc5 14. Rxc5 Bxc5
15. h3 Qc7 16. Qb1 Rc8 17. Rc1 Qb8 18. a3 Bd6 19. Rxc8+ Qxc8 20. b4 h6 1/2-1/2

[Event "ChessOrg-Schachfestival 2022-Senioren"]
[Site "Bad Woerishofen"]
[Date "2022.03.15"]
[Round "5.38"]
[White "Plischke, Berthold"]
[Black "Kuenne, Lutz Dieter"]
[Result "1-0"]
[WhiteElo "1929"]
[BlackElo "1570"]
[PlyCount "43"]
[EventDate "2022.??.??"]
[WhiteTeam "SV Wesel 1928 e.V."]
[BlackTeam "KingsClub Jena"]

1. e4 c5 2. c3 Nf6 3. e5 Nd5 4. Nf3 e6 5. d4 cxd4 6. cxd4 Bb4+ 7. Bd2 Bxd2+ 8.
Nbxd2 Nc6 9. Bc4 Nb6 10. Bd3 d6 11. Ne4 dxe5 12. dxe5 O-O 13. Nd6 Nd7 14. O-O
Ncxe5 15. Nxe5 Nxe5 16. Bxh7+ Kxh7 17. Qh5+ Kg8 18. Qxe5 Qb6 19. Rfd1 Bd7 20.
Rd3 Bc6 21. Rh3 g6 22. Rh8# 1-0

[Event "ChessOrg-Schachfestival 2022-Senioren"]
[Site "Bad Woerishofen"]
[Date "2022.03.15"]
[Round "5.39"]
[White "Schnell, Franz"]
[Black "Koppenhoefer, Heinz"]
[Result "1/2-1/2"]
[WhiteElo "1737"]
[BlackElo "1565"]
[PlyCount "43"]
[EventDate "2022.??.??"]
[WhiteTeam "SC Nusplingen"]
[BlackTeam "TSV Solln Schachabteilung"]

1. d4 d5 2. Bf4 Nf6 3. e3 Bf5 4. Bd3 Bxd3 5. cxd3 e6 6. Nf3 c6 7. O-O Be7 8. h3
Nbd7 9. Qb3 Qb6 10. Qc2 O-O 11. Nc3 Rfc8 12. a4 a5 13. Rab1 c5 14. dxc5 Nxc5
15. Qd1 Qb4 16. d4 Nce4 17. Nxe4 Nxe4 18. Re1 Rc4 19. b3 Rcc8 20. Rb2 Rc3 21.
Qb1 Rac8 22. Kh2 1/2-1/2

[Event "ChessOrg-Schachfestival 2022-Senioren"]
[Site "Bad Woerishofen"]
[Date "2022.03.15"]
[Round "5.40"]
[White "Koch, Dieter"]
[Black "Margraf, Dieter"]
[Result "1/2-1/2"]
[WhiteElo "1629"]
[BlackElo "1474"]
[PlyCount "84"]
[EventDate "2022.??.??"]
[WhiteTeam "SC Ammersee"]
[BlackTeam "SC Sulzbach-Rosenberg"]

1. d4 d5 2. e3 Bf5 3. Bb5+ c6 4. Ba4 Nd7 5. c3 e6 6. Bc2 Bg6 7. Nf3 Bd6 8. Nbd2
Ngf6 9. a4 a5 10. b3 Qc7 11. h3 e5 12. Nh4 Bh5 13. g4 Bg6 14. Bf5 e4 15. c4 b6
16. Bb2 O-O 17. Rc1 Qd8 18. f4 Rc8 19. Rg1 Bb4 20. Bc3 Bxc3 21. Rxc3 Ne8 22. g5
Nd6 23. Qg4 Bxf5 24. Nxf5 Nxf5 25. Qxf5 g6 26. Qg4 f5 27. Qg3 Kf7 28. Ke2 Rh8
29. Rgc1 dxc4 30. Nxc4 Qe7 31. Ne5+ Nxe5 32. fxe5 Qd7 33. h4 h5 34. Rc4 Ke6 35.
Qe1 Rhd8 36. R1c3 c5 37. Qc1 Qb7 38. dxc5 bxc5 39. Rxc5 Rxc5 40. Rxc5 Qxb3 41.
Rc6+ Kf7 42. Rc7+ Kf8 1/2-1/2

[Event "ChessOrg-Schachfestival 2022-Senioren"]
[Site "Bad Woerishofen"]
[Date "2022.03.15"]
[Round "5.41"]
[White "Krueger, Antje-Christine"]
[Black "Fischer, Johann"]
[Result "1-0"]
[WhiteElo "1560"]
[BlackElo "1625"]
[PlyCount "167"]
[EventDate "2022.??.??"]
[WhiteTeam "TSG Fredersdorf-Vogelsdorf"]
[BlackTeam "SK Krumbach"]

1. e4 e5 2. Nf3 Nc6 3. d4 exd4 4. Nxd4 Bc5 5. Nxc6 bxc6 6. Nc3 Ne7 7. Bc4 Ng6
8. O-O O-O 9. Qf3 Ne5 10. Qe2 Nxc4 11. Qxc4 Bd6 12. b3 a5 13. Bb2 Ba6 14. Qd4
Re8 15. Rfd1 Qg5 16. Rab1 Re6 17. Re1 Rae8 18. Qe3 Qh5 19. h3 Bb4 20. Qg3 Bd6
21. Qe3 f5 22. Qd4 Qf7 23. Qa7 Bc8 24. Qxa5 Be5 25. Na4 Bxb2 26. Nxb2 fxe4 27.
Qxc7 Qg6 28. Nc4 d5 29. Ne3 R6e7 30. Qh2 h5 31. a4 Rf7 32. Red1 Qf6 33. Rd2 Qg5
34. Rbd1 Rf4 35. Qg3 Qh6 36. h4 Bg4 37. Nxg4 Rxg4 38. Qe3 Qg6 39. g3 Rxh4 40.
Kg2 Rg4 41. b4 Rf8 42. b5 Rf3 43. Qb6 Rc3 44. Qb8+ Kh7 45. Qe5 Rc4 46. bxc6
Rxc6 47. Rxd5 Rxc2 48. Qxh5+ Qxh5 49. Rxh5+ Kg6 50. Rhd5 e3 51. Kf3 Rxa4 52.
Kxe3 Raa2 53. R1d2 Ra3+ 54. R5d3 Rcc3 55. Rxc3 Rxc3+ 56. Rd3 Rc6 57. Rd4 Kf5
58. g4+ Kg5 59. f3 Re6+ 60. Re4 Ra6 61. Re5+ Kf6 62. Rf5+ Ke6 63. Kf4 g6 64.
Re5+ Kf6 65. g5+ Kf7 66. Kg4 Ra1 67. f4 Rg1+ 68. Kf3 Rf1+ 69. Ke3 Re1+ 70. Kd4
Rf1 71. Re4 Rd1+ 72. Ke5 Rf1 73. Kd5 Rd1+ 74. Rd4 Re1 75. Kc6 Rc1+ 76. Kd6 Re1
77. Kd5 Re7 78. Kc6 Ra7 79. Rd7+ Rxd7 80. Kxd7 Kf8 81. Ke6 Kg7 82. Ke7 Kg8 83.
Kf6 Kh7 84. Kf7 1-0

[Event "ChessOrg-Schachfestival 2022-Senioren"]
[Site "Bad Woerishofen"]
[Date "2022.03.15"]
[Round "5.42"]
[White "Hoferichter, Michael"]
[Black "Prenzel, Thomas"]
[Result "1/2-1/2"]
[WhiteElo "1624"]
[BlackElo "1523"]
[PlyCount "23"]
[EventDate "2022.??.??"]
[WhiteTeam "Bergische SF 1923 Bergisch Gladbach e.V."]
[BlackTeam "Klub Koelner SF e.V. 1967"]

1. e4 e5 2. Nf3 Nc6 3. Bc4 h6 4. O-O Nf6 5. Re1 Bc5 6. h3 O-O 7. c3 d6 8. d4
exd4 9. cxd4 Bb4 10. Bd2 Bxd2 11. Qxd2 a6 12. a4 1/2-1/2

[Event "ChessOrg-Schachfestival 2022-Senioren"]
[Site "Bad Woerishofen"]
[Date "2022.03.15"]
[Round "5.43"]
[White "Beitz, Joanne"]
[Black "Schlemminger, Degenhard"]
[Result "0-1"]
[WhiteElo "1314"]
[BlackElo "1623"]
[PlyCount "78"]
[EventDate "2022.??.??"]
[WhiteTeam "Mettmann-Sport e.V."]
[BlackTeam "SV Reutlingen"]

1. e4 e6 2. d4 d5 3. e5 c5 4. Nf3 a6 5. Bd3 c4 6. Be2 Nc6 7. O-O Be7 8. c3 b5
9. Bf4 Bd7 10. Re1 b4 11. a3 bxa3 12. Nxa3 Na5 13. Nc2 Nb3 14. Ra2 a5 15. Nd2
Nxd2 16. Qxd2 Rb8 17. Ne3 a4 18. Nf1 Qb6 19. Qc2 Qb3 20. Qb1 Qb6 21. Nd2 Bf8
22. Bd1 Ra8 23. Bc2 g6 24. Rc1 Bh6 25. Be3 Bxe3 26. fxe3 Ne7 27. Rf1 Nf5 28.
Rf3 Qd8 29. Qf1 O-O 30. Rf4 Nxe3 31. Qc1 Qg5 32. Rf2 Ng4 33. Qe1 Nxf2 34. Qxf2
f5 35. Nf3 Qc1+ 36. Ne1 a3 37. b3 cxb3 38. Bxb3 Qb1 39. Bd1 Qxd1 0-1

[Event "ChessOrg-Schachfestival 2022-Senioren"]
[Site "Bad Woerishofen"]
[Date "2022.03.15"]
[Round "5.44"]
[White "Walther, Renate"]
[Black "Gaul, Karl-Heinz"]
[Result "0-1"]
[WhiteElo "1180"]
[BlackElo "1511"]
[PlyCount "84"]
[EventDate "2022.??.??"]
[WhiteTeam "SK 1911 Herzogenaurach"]
[BlackTeam "SC Schwarz-Weiß Lichtenrade e.V."]

1. e4 e5 2. d4 exd4 3. Qxd4 Nc6 4. Qe3 b6 5. Bd3 Nf6 6. h3 Bc5 7. Qe2 Nd4 8.
Qf1 Qe7 9. Nc3 d5 10. f3 Nh5 11. Nge2 Qh4+ 12. Kd1 Nxe2 13. Nxe2 Bb7 14. Bb5+
c6 15. Bd3 dxe4 16. fxe4 Rd8 17. Qf3 O-O 18. g3 Qe7 19. Bd2 Nf6 20. Bg5 Rd6 21.
Bf4 Rd7 22. g4 Nxe4 23. Bd2 Rxd3 24. cxd3 Nf2+ 25. Kc2 Nxh1 26. Rxh1 Qd7 27.
Rd1 Re8 28. Bc3 Bf8 29. d4 c5 30. d5 Ba6 31. Nf4 Qa4+ 32. Kd2 Qc4 33. b3 Qe4
34. Qxe4 Rxe4 35. Nd3 c4 36. Nf2 Re8 37. b4 Rd8 38. Kc2 Bb7 39. Ne4 Rxd5 40.
Nf6+ gxf6 41. Bxf6 Rxd1 42. Kxd1 Bxb4 0-1

[Event "ChessOrg-Schachfestival 2022-Senioren"]
[Site "Bad Woerishofen"]
[Date "2022.03.15"]
[Round "5.45"]
[White "Braeu, Emmi"]
[Black "Bertram, Marina"]
[Result "0-1"]
[WhiteElo "1476"]
[BlackElo "1304"]
[PlyCount "98"]
[EventDate "2022.??.??"]
[WhiteTeam "SK Marktoberdorf"]
[BlackTeam "SF Bad Lausick"]

1. Nf3 d5 2. c4 Nf6 3. g3 Nc6 4. Bg2 e6 5. O-O Be7 6. d3 dxc4 7. dxc4 Qxd1 8.
Rxd1 O-O 9. Nc3 Bc5 10. Nb5 a6 11. Nc3 e5 12. Bg5 Be7 13. Rd2 Be6 14. b3 Rad8
15. Rad1 Nd4 16. Nxe5 c5 17. Bxb7 h6 18. Be3 a5 19. Bxd4 cxd4 20. Rxd4 Rxd4 21.
Rxd4 Bb4 22. Na4 Ne8 23. Nd7 Nd6 24. Ndb6 Nxb7 25. c5 Nxc5 26. Nd5 Bxd5 27.
Rxd5 Nxa4 28. bxa4 Rc8 29. Kg2 Rc2 30. a3 Bxa3 31. Rxa5 Rxe2 32. Kf3 Re8 33.
Kg4 Re4+ 34. f4 Bb4 35. Ra8+ Bf8 36. a5 Ra4 37. h4 g6 38. a6 f5+ 39. Kh3 Ra5
40. h5 gxh5 41. Kh4 Kg7 42. Kxh5 Ra3 43. Ra7+ Kf6 44. Kh4 Bc5 45. Ra8 Bf2 46.
Rf8+ Kg7 47. Ra8 Bxg3+ 48. Kh5 Bxf4 49. Ra7+ Kf6 0-1

[Event "ChessOrg-Schachfestival 2022-Senioren"]
[Site "Bad Woerishofen"]
[Date "2022.03.16"]
[Round "6.1"]
[White "Kierzek, Matthias"]
[Black "Rubke, Manfred"]
[Result "1/2-1/2"]
[WhiteElo "2209"]
[BlackElo "2095"]
[PlyCount "31"]
[EventDate "2022.??.??"]
[WhiteTeam "SC Fulda"]
[BlackTeam "TSV Haunstetten"]

1. d4 d5 2. c4 e6 3. Nf3 Nf6 4. Nc3 Be7 5. Bf4 c6 6. e3 Nbd7 7. h3 O-O 8. c5 b6
9. b4 bxc5 10. bxc5 Qa5 11. Qd2 Bd8 12. Bd3 Bc7 13. O-O Re8 14. Rac1 e5 15.
dxe5 Nxe5 16. Nd4 1/2-1/2

[Event "ChessOrg-Schachfestival 2022-Senioren"]
[Site "Bad Woerishofen"]
[Date "2022.03.16"]
[Round "6.2"]
[White "Babar, Michael"]
[Black "Matzat, Andre"]
[Result "1/2-1/2"]
[WhiteElo "2151"]
[BlackElo "1991"]
[PlyCount "67"]
[EventDate "2022.??.??"]
[WhiteTeam "SC Hansa Dortmund e.V."]
[BlackTeam "Oberhausener SV 1887 e.V."]

1. g3 c5 2. Bg2 Nc6 3. d3 g6 4. e4 Bg7 5. Nc3 e6 6. f4 Nge7 7. Nf3 O-O 8. O-O
d5 9. e5 f6 10. exf6 Bxf6 11. Qe1 Bd7 12. Nd1 Nd4 13. Qd2 Nxf3+ 14. Bxf3 e5 15.
Qg2 Bc6 16. Nc3 c4 17. Kh1 cxd3 18. cxd3 exf4 19. Bxf4 g5 20. Bd2 Qd7 21. h3
Bxc3 22. bxc3 Rxf3 23. Rxf3 d4 24. Raf1 g4 25. hxg4 Qxg4 26. Kg1 Ng6 27. cxd4
Re8 28. d5 Qd4+ 29. Qf2 Qxd5 30. Bh6 Qxf3 31. Qxf3 Bxf3 32. Rxf3 Re2 33. Rf2
Rxf2 34. Kxf2 1/2-1/2

[Event "ChessOrg-Schachfestival 2022-Senioren"]
[Site "Bad Woerishofen"]
[Date "2022.03.16"]
[Round "6.3"]
[White "Mueller, Erich"]
[Black "Okrajek, Alexander"]
[Result "1/2-1/2"]
[WhiteElo "2138"]
[BlackElo "2120"]
[PlyCount "87"]
[EventDate "2022.??.??"]
[WhiteTeam "SK 1962 Ladenburg"]
[BlackTeam "SC-Siegburg"]

1. f4 d5 2. b3 Bg4 3. g3 e6 4. Bb2 f5 5. Bg2 Nf6 6. Nf3 Bxf3 7. Bxf3 Nbd7 8. e3
Bd6 9. d3 Qe7 10. Nc3 Ba3 11. Bxa3 Qxa3 12. Qd2 c6 13. O-O O-O 14. e4 dxe4 15.
dxe4 Nc5 16. e5 Rad8 17. Qe3 Nd5 18. Nxd5 cxd5 19. Rfd1 b6 20. Qd4 h6 21. Rd2
Kh7 22. Bg2 Rc8 23. Rad1 b5 24. c3 Qa6 25. Rc1 Qb6 26. Rdc2 Rfd8 27. Bf1 a6 28.
Kg2 Rb8 29. Be2 Kh8 30. h3 Rdc8 31. h4 Rc7 32. Bf3 Rbc8 33. h5 Nd7 34. Qd2 Qc5
35. g4 Rf8 36. gxf5 Rxf5 37. Bg4 Qf8 38. Rf1 Nc5 39. Bxf5 Qxf5 40. Qe2 Nd3 41.
Kg3 Nb4 42. Rcc1 Nd3 43. Rc2 Nb4 44. Rcc1 1/2-1/2

[Event "ChessOrg-Schachfestival 2022-Senioren"]
[Site "Bad Woerishofen"]
[Date "2022.03.16"]
[Round "6.4"]
[White "Kainz, Josef"]
[Black "Koehler, Gerhard"]
[Result "0-1"]
[WhiteElo "1992"]
[BlackElo "2208"]
[PlyCount "70"]
[EventDate "2022.??.??"]
[WhiteTeam "Gratwein"]
[BlackTeam "USV Halle"]

1. Nf3 c5 2. c4 Nc6 3. d4 cxd4 4. Nxd4 g6 5. e4 Bg7 6. Be3 Nf6 7. Nc3 d6 8. Be2
Bd7 9. O-O O-O 10. f3 Nxd4 11. Bxd4 Bc6 12. Qd2 Nd7 13. Bxg7 Kxg7 14. Rad1 a5
15. f4 Qb6+ 16. Kh1 Nf6 17. Nd5 Bxd5 18. exd5 Rac8 19. h4 Ne4 20. Qe1 Qxb2 21.
Rb1 Qc3 22. Bf3 Qxe1 23. Rfxe1 Nd2 24. Rxb7 Nxf3 25. gxf3 Rxc4 26. Re4 Rc2 27.
Rexe7 Rxa2 28. Red7 a4 29. Rxd6 a3 30. Ra6 Re8 31. Rb1 Rd2 32. Rxa3 Ree2 33.
Ra5 Rh2+ 34. Kg1 Rxh4 35. Kf1 Rh1# 0-1

[Event "ChessOrg-Schachfestival 2022-Senioren"]
[Site "Bad Woerishofen"]
[Date "2022.03.16"]
[Round "6.5"]
[White "Fiedler, Wolfgang"]
[Black "Daeubler, Heinrich"]
[Result "1/2-1/2"]
[WhiteElo "2017"]
[BlackElo "2136"]
[PlyCount "43"]
[EventDate "2022.??.??"]
[WhiteTeam "SK Zirndorf e.V."]
[BlackTeam "SC Haselmuehl"]

1. f4 Nf6 2. Nf3 g6 3. d4 Bg7 4. e3 d6 5. Bc4 O-O 6. O-O c5 7. dxc5 dxc5 8.
Qxd8 Rxd8 9. h3 Bf5 10. c3 Nc6 11. Re1 Bxb1 12. Rxb1 Ne4 13. Bb3 e5 14. Bc2 Nd6
15. e4 exf4 16. Bxf4 Nc4 17. Red1 Rxd1+ 18. Bxd1 Rd8 19. Be2 N4e5 20. Nxe5 Nxe5
21. Bxe5 Bxe5 22. Rd1 1/2-1/2

[Event "ChessOrg-Schachfestival 2022-Senioren"]
[Site "Bad Woerishofen"]
[Date "2022.03.16"]
[Round "6.6"]
[White "Schatz, Christian"]
[Black "Krueger, Norbert"]
[Result "0-1"]
[WhiteElo "2122"]
[BlackElo "1946"]
[PlyCount "100"]
[EventDate "2022.??.??"]
[WhiteTeam "SC Postbauer-Heng e.V"]
[BlackTeam "Ratinger SK 1950"]

1. Nf3 Nf6 2. c4 e6 3. g3 d5 4. Bg2 Be7 5. O-O O-O 6. d4 c6 7. Nbd2 b6 8. Qc2
Nbd7 9. e4 dxe4 10. Nxe4 Nxe4 11. Qxe4 Bb7 12. Bf4 Nf6 13. Qe2 c5 14. Rfd1 cxd4
15. Nxd4 Qc8 16. b3 Bxg2 17. Kxg2 Qb7+ 18. Qf3 Qxf3+ 19. Kxf3 Rac8 20. Nb5 a6
21. Nd6 Rcd8 22. Ne4 Nxe4 23. Kxe4 f5+ 24. Kf3 Bf6 25. Rac1 e5 26. Be3 Rxd1 27.
Rxd1 Rd8 28. Ke2 Rxd1 29. Kxd1 Bd8 30. Kc2 Kf7 31. Kc3 Ke6 32. a4 Kd6 33. b4 g6
34. b5 a5 35. Bc1 Ke6 36. h4 f4 37. Kd3 Kf5 38. gxf4 exf4 39. c5 bxc5 40. Ba3
Bxh4 41. b6 Bxf2 42. Kc4 f3 43. Bxc5 Bxc5 44. Kxc5 f2 45. b7 f1=Q 46. b8=Q Qc1+
47. Kd4 Qd2+ 48. Kc4 Qf4+ 49. Qxf4+ Kxf4 50. Kb5 h5 0-1

[Event "ChessOrg-Schachfestival 2022-Senioren"]
[Site "Bad Woerishofen"]
[Date "2022.03.16"]
[Round "6.7"]
[White "Harsch, Martin"]
[Black "Keller, Harald"]
[Result "1/2-1/2"]
[WhiteElo "1908"]
[BlackElo "2041"]
[PlyCount "38"]
[EventDate "2022.??.??"]
[BlackTeam "SV Rottweil"]

1. e4 Nf6 2. e5 Nd5 3. c4 Nb6 4. d4 d6 5. exd6 cxd6 6. Nc3 g6 7. Be3 Bg7 8. Rc1
Nc6 9. d5 Ne5 10. Be2 O-O 11. b3 Ned7 12. Nf3 Nf6 13. Nd4 Nbd7 14. O-O Nc5 15.
h3 Nce4 16. Nxe4 Nxe4 17. Qc2 Nf6 18. Rcd1 Bd7 19. Rfe1 Rc8 1/2-1/2

[Event "ChessOrg-Schachfestival 2022-Senioren"]
[Site "Bad Woerishofen"]
[Date "2022.03.16"]
[Round "6.8"]
[White "Pfitzer, Norbert"]
[Black "Zwetz, Anita"]
[Result "1-0"]
[WhiteElo "2026"]
[BlackElo "1859"]
[PlyCount "65"]
[EventDate "2022.??.??"]
[WhiteTeam "SV Backnang"]
[BlackTeam "TSV Kareth-Lappersdorf"]

1. d4 d5 2. Nf3 e6 3. g3 Nf6 4. Bg2 Nbd7 5. O-O Bd6 6. c4 c6 7. Qc2 Ne4 8. Nfd2
Nxd2 9. Nxd2 Nf6 10. e4 dxe4 11. Nxe4 Nxe4 12. Bxe4 g6 13. Bh6 Bf8 14. Bxf8
Kxf8 15. Rad1 Qf6 16. Qc3 Kg7 17. Rd3 Rb8 18. Rf3 Qg5 19. d5+ e5 20. dxc6 bxc6
21. Bxc6 Bh3 22. Re1 f6 23. Rfe3 h5 24. Bg2 Bxg2 25. Kxg2 h4 26. h3 hxg3 27.
fxg3 Rh4 28. Rxe5 fxe5 29. Rxe5 Rxc4 30. Re7+ Kh6 31. Qg7+ Kh5 32. Qh7+ Qh6 33.
g4+ 1-0

[Event "ChessOrg-Schachfestival 2022-Senioren"]
[Site "Bad Woerishofen"]
[Date "2022.03.16"]
[Round "6.9"]
[White "Lange, Manfred"]
[Black "Bjorgvik, Jan Arne"]
[Result "1-0"]
[WhiteElo "2028"]
[BlackElo "1771"]
[PlyCount "55"]
[EventDate "2022.??.??"]
[WhiteTeam "SV Wuerzburg von 1865 e.V."]
[BlackTeam "Direktmitglied NSF"]

1. d4 d5 2. c4 e6 3. Nf3 Nf6 4. g3 Bb4+ 5. Bd2 Bxd2+ 6. Qxd2 Qe7 7. Bg2 Ne4 8.
Qc2 Qb4+ 9. Nbd2 Nxd2 10. Nxd2 dxc4 11. O-O O-O 12. Nxc4 c6 13. a3 Qe7 14. b4
Nd7 15. e4 Nb6 16. Ne5 Rd8 17. Rad1 Nd7 18. Nc4 Nb6 19. Na5 Rb8 20. Qc5 Qxc5
21. dxc5 Nd7 22. Rd6 Kf8 23. e5 Ke7 24. Rfd1 Ra8 25. Bxc6 Nxe5 26. Rxd8 Nxc6
27. Nxc6+ bxc6 28. R1d7+ 1-0

[Event "ChessOrg-Schachfestival 2022-Senioren"]
[Site "Bad Woerishofen"]
[Date "2022.03.16"]
[Round "6.10"]
[White "Desoye, Gernot"]
[Black "Neubauer, Bernd"]
[Result "0-1"]
[WhiteElo "1776"]
[BlackElo "2141"]
[PlyCount "112"]
[EventDate "2022.??.??"]
[BlackTeam "ESV 1949 Eberswalde e.V."]

1. d4 Nf6 2. c4 c5 3. d5 b5 4. cxb5 a6 5. bxa6 Bxa6 6. Nc3 d6 7. Nf3 g6 8. e4
Bxf1 9. Kxf1 Nbd7 10. h3 Bg7 11. g3 O-O 12. Kg2 Qa5 13. Re1 Rfb8 14. Re2 Ne8
15. Bf4 Nb6 16. Qd3 Na4 17. Nxa4 Qxa4 18. e5 c4 19. Qc2 Qb5 20. Rc1 Qxd5 21.
Qxc4 Qxc4 22. Rxc4 Rxa2 23. Rcc2 Bf8 24. Red2 Ra6 25. h4 Ng7 26. Bh6 Ne6 27.
Bxf8 Kxf8 28. exd6 exd6 29. Nd4 Nc5 30. Rc4 Rab6 31. b4 Ne4 32. Re2 d5 33. Rc7
Rxb4 34. Nc6 R4b7 35. Rxb7 Rxb7 36. f3 Nf6 37. Rd2 h5 38. g4 hxg4 39. fxg4 Nxg4
40. Rd4 Nf6 41. Kf3 Rc7 42. Nb4 Rc4 43. Ke3 Rxd4 44. Kxd4 Kg7 45. Nc6 Ne8 46.
Kxd5 Kf6 47. Ne5 Ng7 48. Ke4 Ne6 49. Ng4+ Kg7 50. Ne3 Kh6 51. Ng4+ Kh5 52. Ne5
Nd8 53. Nf3 Kg4 54. Ke3 f6 55. Ke4 Ne6 56. Ke3 Ng7 0-1

[Event "ChessOrg-Schachfestival 2022-Senioren"]
[Site "Bad Woerishofen"]
[Date "2022.03.16"]
[Round "6.11"]
[White "Eibl, Guenter"]
[Black "Kierzek, Mira"]
[Result "1/2-1/2"]
[WhiteElo "1736"]
[BlackElo "1984"]
[PlyCount "133"]
[EventDate "2022.??.??"]
[WhiteTeam "SF Muenchen"]
[BlackTeam "SC Fulda"]

1. d4 Nf6 2. c4 c6 3. Nc3 g6 4. e4 d6 5. Nf3 Bg7 6. Be2 O-O 7. O-O Nbd7 8. h3
Qc7 9. Re1 Re8 10. Bf1 e5 11. d5 h6 12. Bd2 Kh7 13. Qc2 a6 14. b4 Rf8 15. Rac1
c5 16. b5 Ne8 17. Bd3 Qd8 18. Rb1 a5 19. Nh2 b6 20. Nd1 Ndf6 21. Bf1 Ra7 22.
Ne3 Ng8 23. Bd3 Ne7 24. g4 Bf6 25. Nf3 Ng8 26. Kg2 Bh4 27. Rh1 Ng7 28. Rbg1 Qf6
29. Nxh4 Qxh4 30. f3 Kh8 31. Be1 Qg5 32. Qd2 Nh5 33. Kf1 Nf4 34. Bg3 Kg7 35. h4
Qf6 36. g5 Qe7 37. Bxf4 exf4 38. Qc3+ Qe5 39. Qxe5+ dxe5 40. gxh6+ Nxh6 41. Ng4
f6 42. Nxh6 Kxh6 43. Kf2 Rh7 44. Rh2 Kg7 45. Rgh1 Rh5 46. a4 Rfh8 47. Kg2 Kf7
48. Kg1 Bd7 49. Be2 Ke7 50. Bd3 Kd6 51. Be2 Ke7 52. Bd1 Kf7 53. Be2 R8h6 54.
Bd1 Rh7 55. Be2 Rg7 56. Rg2 Rgh7 57. Rgh2 Rh8 58. Bd1 Re8 59. Rg2 Kg7 60. Be2
Rh7 61. Bd1 Kf7 62. Be2 Reh8 63. Rgh2 f5 64. Bd1 Kf6 65. Be2 Rh5 66. Bd1 R5h6
67. Be2 1/2-1/2

[Event "ChessOrg-Schachfestival 2022-Senioren"]
[Site "Bad Woerishofen"]
[Date "2022.03.16"]
[Round "6.12"]
[White "Waltenberger, Udo"]
[Black "Hansch, Klaus-Michael"]
[Result "1-0"]
[WhiteElo "1977"]
[BlackElo "1829"]
[PlyCount "39"]
[EventDate "2022.??.??"]
[WhiteTeam "SV Eiche Reichenbrand"]
[BlackTeam "SC Weisse Dame e.V."]

1. Nf3 d5 2. g3 Nf6 3. Bg2 Bf5 4. O-O Nbd7 5. c4 e6 6. Nc3 c6 7. d3 Be7 8. cxd5
exd5 9. e4 dxe4 10. dxe4 Bg4 11. h3 Bxf3 12. Qxf3 Bd6 13. Be3 O-O 14. Rad1 Qc7
15. Rd2 Ne5 16. Qe2 Ned7 17. Rc1 Rfd8 18. Nb5 cxb5 19. Rxc7 Bxc7 20. Qxb5 1-0

[Event "ChessOrg-Schachfestival 2022-Senioren"]
[Site "Bad Woerishofen"]
[Date "2022.03.16"]
[Round "6.13"]
[White "Halli, Gerhard"]
[Black "Klein, Gerhard"]
[Result "0-1"]
[WhiteElo "1968"]
[BlackElo "1771"]
[PlyCount "96"]
[EventDate "2022.??.??"]
[WhiteTeam "SK 1947 Sandhausen e.V."]
[BlackTeam "Sfr.Konz-Karthaus"]

1. d4 Nf6 2. Bg5 g6 3. Nf3 Bg7 4. Nbd2 d6 5. e3 O-O 6. Bc4 c6 7. O-O b5 8. Bb3
a5 9. a4 b4 10. Re1 Qc7 11. e4 h6 12. Bh4 Ne8 13. c3 bxc3 14. bxc3 e5 15. Bg3
Ba6 16. dxe5 dxe5 17. Nc4 Nd7 18. Qc2 Rb8 19. Rab1 Bxc4 20. Bxc4 Nd6 21. Ba2
Rxb1 22. Rxb1 Kh7 23. Nd2 f5 24. f3 f4 25. Bf2 Rb8 26. Nc4 Nxc4 27. Bxc4 Bf8
28. g3 Bc5 29. Bxc5 Nxc5 30. Rxb8 Qxb8 31. gxf4 exf4 32. Be2 Qd8 33. Qa2 Kg7
34. Qc4 Qg5+ 35. Kh1 Qe5 36. Bd1 h5 37. Qd4 Qxd4 38. cxd4 Ne6 39. d5 cxd5 40.
exd5 Nd4 41. Kg2 Kf6 42. Kf2 Ke5 43. d6 Kxd6 44. Ke1 Kc5 45. Kd2 Kb4 46. Kd3
Nb3 47. Ke4 Kxa4 48. Kxf4 Kb4 0-1

[Event "ChessOrg-Schachfestival 2022-Senioren"]
[Site "Bad Woerishofen"]
[Date "2022.03.16"]
[Round "6.14"]
[White "Walther, Reinhard"]
[Black "Loibl, Johann"]
[Result "0-1"]
[WhiteElo "1945"]
[BlackElo "1762"]
[PlyCount "54"]
[EventDate "2022.??.??"]
[WhiteTeam "SK 1911 Herzogenaurach e.V."]

1. d4 Nf6 2. Bg5 d5 3. e3 Ne4 4. Bf4 c6 5. f3 Nf6 6. Bd3 Nh5 7. Bg5 Qb6 8. Qc1
Nd7 9. f4 h6 10. Bh4 g5 11. fxg5 hxg5 12. Bf2 e5 13. dxe5 Nxe5 14. Be2 Ng4 15.
Bxg4 Bxg4 16. h3 Nf6 17. Nd2 O-O-O 18. Ngf3 Bh5 19. O-O g4 20. hxg4 Nxg4 21.
Nb3 Bd6 22. a4 Qc7 23. Nbd4 Bh2+ 24. Kh1 Bg6 25. Ng1 Bg3+ 26. Nh3 Bxf2 27. Nf3
Be4 0-1